| 000 | 00454nam a2200145Ia 4500 | ||
|---|---|---|---|
| 008 | 180627s9999 xx 000 0 und d | ||
| 020 | _a981253170 | ||
| 100 | _aHein, Morris | ||
| 245 |
_cMorris Hein, Judith N. Peisen. _aIntroduction to general, organic, and biochemistry in the laboratory / |
||
| 250 | _a8th ed | ||
| 260 |
_aUSA: _bC&E Publishing: _c2005 |
||
| 300 | _aiii, 180 pages | ||
| 440 | _vvol 2. | ||
| 650 | _aChemistry -- Laboratory manuals. | ||
| 999 |
_c358083 _d358083 |
||